000 00456pab a2200169 454500
008 180718b2007 xxu||||| |||| 00| 0 eng d
100 _aHellwig, Timothy
245 _aGlobalization and perceptions of policy maker competence: evidence from France
260 _c2007
300 _ap.146-58.
362 _aMar
650 _aGlobalization - France
650 _aGlobalization
773 _aPolitical Research Quarterly
908 _aN
909 _a74453
999 _c74453
_d74453